Basic electronics / (Record no. 592453)
[ view plain ]
| 000 -LEADER | |
|---|---|
| fixed length control field | 01417nam a2200181 4500 |
| 003 - CONTROL NUMBER IDENTIFIER | |
| control field | NUST |
| 005 - DATE AND TIME OF LATEST TRANSACTION | |
| control field | 20221121092230.0 |
| 020 ## - INTERNATIONAL STANDARD BOOK NUMBER | |
| International Standard Book Number | 0070540861 |
| 082 ## - DEWEY DECIMAL CLASSIFICATION NUMBER | |
| Classification number | 621.381,GRO |
| 100 ## - MAIN ENTRY--PERSONAL NAME | |
| Personal name | Grob, Bernard |
| 9 (RLIN) | 19461 |
| 245 ## - TITLE STATEMENT | |
| Title | Basic electronics / |
| Statement of responsibility, etc. | Bernard Grob. |
| 250 ## - EDITION STATEMENT | |
| Edition statement | 9th edition |
| 260 ## - PUBLICATION, DISTRIBUTION, ETC. | |
| Place of publication, distribution, etc. | New York : |
| Name of publisher, distributor, etc. | Glencoe/McGraw-Hill, |
| Date of publication, distribution, etc. | c 2003 |
| 300 ## - PHYSICAL DESCRIPTION | |
| Extent | 1060 p |
| 505 ## - FORMATTED CONTENTS NOTE | |
| Formatted contents note | Series Circuits (Page-10), Electricity (Page-16), Resistors (Page-48), Ohm's Law (Page-72), Parallel Circuits (Page-132), Series-Parallel Circuits (Page-162), Voltage Dividers and Current Dividers (Page-196), Direct-Current Meters (Page-256), Kirchhoff's Laws (Page-276), Network Theorems (Page-312), Conductors and Insulators (Page-312), Batteries (Page-342), Magnetism (Page-378), Magnetic Units (Page-398), Electromagnetic Induction (Page-418), Alternating Voltage and Current (Page-442), Capacitance (Page-488), Capacitive Reactance (Page-526),Capacitive Circuits (Page-546), Inductance (Page-574), Inductive Reactance (Page-620), Inductive Circuits (Page-640), RC and L/R Time Constants (Page-666), Alternating Current Circuits (Page-700), Complex Numbers for AC Circuits (Page-726), Resonance (Page-758), Filters (Page-796), Electronic Devices (Page-846), Electronic Circuits (Page-876), Transistor Amplifiers (Page-810), Digital Electronics (Page-936), Integrated Circuits (Page-970). |
| 650 ## - SUBJECT ADDED ENTRY--TOPICAL TERM | |
| Topical term or geographic name entry element | Electronics |
| 942 ## - ADDED ENTRY ELEMENTS (KOHA) | |
| Source of classification or shelving scheme | |
| Koha item type | Book |
| Withdrawn status | Lost status | Source of classification or shelving scheme | Damaged status | Not for loan | Permanent Location | Current Location | Shelving location | Date acquired | Total Checkouts | Full call number | Barcode | Date last seen | Price effective from | Koha item type | Public note |
|---|---|---|---|---|---|---|---|---|---|---|---|---|---|---|---|
| Military College of Signals (MCS) | Military College of Signals (MCS) | General Stacks | 11/21/2022 | 621.381,GRO | MCS31185 | 11/21/2022 | 11/21/2022 | Book | Almirah No.31, Shelf No.2 |
